| 000 | 00445nam a22001817a 4500 | ||
|---|---|---|---|
| 003 | NUST - PNEC | ||
| 005 | 20170116180908.0 | ||
| 008 | 150902b xxu||||| |||| 00| 0 eng d | ||
| 020 | _a0209463203 | ||
| 040 | _cLIBRARY | ||
| 082 | _a620.106 MOT | ||
| 100 |
_96813 _aMott, Robert L. |
||
| 245 |
_aApplied fluid mechanics _cRobert L. Mott |
||
| 250 | _a3rd ed. | ||
| 260 | _cc.1990 | ||
| 650 |
_96818 _aFluid mechanics _xME |
||
| 942 |
_2ddc _cBK |
||
| 999 |
_c65166 _d65166 |
||